000 00270nam a2200109Ia 4500
008 220204s9999 xx 000 0 und d
082 _a82-3
_bGRE
100 _aGreatorex, Wilfred
245 0 _aThree potato four
260 _aNew York
_bPopular Library
_c1976
942 _cBK
999 _c35112
_d35112